| 000 | 01032nam a2200265 a 4500 | ||
|---|---|---|---|
| 001 | BRCA_4014 | ||
| 005 | 20190320204519.0 | ||
| 008 | 220110s2009----mx-a######---#000-0#spa-# | ||
| 020 | _a9786079509019 | ||
| 041 | _aspa | ||
| 044 | _amx | ||
| 050 | 4 |
_aF1226 _b.U75 2009 |
|
| 100 | 1 |
_aUribe, Eloísa _9915 |
|
| 245 | 1 | 0 |
_aVida cotidiana _blo efímero y lo eterno 1876-1910 _ctextos Eloísa Uribe ; dirección editorial Elena Horz de Sotomayor ; responsable del proyecto SCLM María Teresa Zaldívar ; fotografía Jorge Vértiz ; diseño editorial Ricardo Salas & Frontespizio Begoña Sáinz. |
| 260 |
_aMéxico _bSmurfit Cartón y Papel de México _c2009 |
||
| 300 |
_a241 p. _bil. a color _c33 cm. |
||
| 500 | _aIncluye índice de ilustraciones | ||
| 504 | _aBibliografía: p. 236-239 | ||
| 650 | 1 | 4 |
_aVida cotidiana _y1876-1910 _zMéxico _910436 |
| 651 | 4 |
_aMéxico _xHistoria _9614 |
|
| 700 | 1 |
_aHorz de Sotomayor, Elena _93367 |
|
| 700 | 1 |
_aZaldívar, María Teresa _910437 |
|
| 700 | 1 |
_aVértiz, Jorge _96841 |
|
| 942 |
_2lcc _cB |
||
| 999 |
_c3740 _d3740 |
||